| 000 | 00483nam a2200157 a 4500 | ||
|---|---|---|---|
| 001 | BRCA_256 | ||
| 005 | 20190320202933.0 | ||
| 008 | 280508s1956----mx-a---###---#000-0#spa-# | ||
| 050 | 4 |
_aF1391.G8 _b.V37 1956 |
|
| 100 | 1 |
_aVarona, Esteban A. de _9879 |
|
| 245 | 1 | 0 |
_aGuanajuato _ctexto y fotografías por Esteban A. de Varona. |
| 260 |
_aMéxico _bEsteban A. de Varona _c1956 |
||
| 300 |
_a44 p. _bil. _c20 cm. |
||
| 651 | 4 |
_aGuanajuato (México) _xDescripción y viajes _9880 |
|
| 942 |
_2lcc _cB |
||
| 999 |
_c210 _d210 |
||